Statistics for Australian Opposition Leaders (Who Never Became Prime Minister)

Click here to take the quiz!

General Stats

  • This quiz has been taken 180 times
    (70 since last reset)
  • The average score is 10 of 16

Answer Stats

TimespanAnswer% Correct
1996-2001 | 2005-2006Kim Beazley
88%
2003-2005Mark Latham
80%
1990-1994Dr. John Hewson
76%
1983-1985 | 1989-1990Andrew Peacock
75%
1929-1931John Latham
69%
2007-2008Brendan Nelson
69%
2001-2003Simon Crean
68%
1994-1995Alexander Downer
64%
1977-1983Bill Hayden
53%
1951-1960Herbert Evatt
49%
1972-1975Billy Snedden
42%
1960-1967Arthur Calwell
41%
1917-1922Frank Tudor
20%
1922-1928Matthew Charlton
20%

Score Distribution

Percentile by Number Answered

Percent of People with Each Score

Your Score History

You have not taken this quiz since the last reset